000 00586nam a2200217 4500
005 20251002142352.0
020 _a9781408041802
_cTZS 31,122/=
040 _aMCCL
_beng.
_eAACR 2nd rev. ed.
082 _a658.1511 DRU
100 _aDrury, Colin
245 _aManagement and cost accounting
_c/ Colin Drury
250 _a8th ed.
260 _aAustralia :
_bCengage Learning
_cc2012.
300 _a xxii, 783 p. :
_bill.;
_c26 cm
504 _aInclude index
546 _aeng.
650 _aCost accounting
650 _aManagement Accounting
700 _aDrury Colin
942 _cBK
999 _c11633
_d11633